mysqli: Table './ulib62015/stat_globaluid' is marked as crashed and should be repaired
select id from stat_globaluid where statuid='20260517200525_2441'
mysqli: Table './ulib62015/stat_globaluid' is marked as crashed and should be repaired
DELETE FROM stat_globaluid
WHERE id NOT IN (
SELECT id
FROM (
SELECT id
FROM stat_globaluid
ORDER BY id DESC
LIMIT 100
) foo
);
mysqli: Table './ulib62015/stat_globaluid' is marked as crashed and should be repaired
insert into stat_globaluid set
statuid='20260517200525_2441',
dt='1779023125',
phpself='/ULIB62015/dublinfull.php',
agent='Mozilla/5.0 AppleWebKit/537.36 (KHTML, like Gecko; compatible; ClaudeBot/1.0; +claudebot@anthropic.com)',
yea='2026',
mon='5',
dat='17',
ip='216.73.216.45'
mysqli: Table './ulib62015/stathist_viewbib_bib_type' is marked as crashed and should be repaired
insert into stathist_viewbib_bib_type set
dat='17' ,
mon='05' ,
yea='2026' ,
statuid='20260517200525_2441' ,
head='13399122601' ,
foot='marc' ,
dt='1779023125'
LEADER : 00000nam 2200000uu 4500
001 13399122601
003 ULIB
008 200312s2561||||th 000 0 tha d
020 ^a9786167741369
060 04 ^aWB100^bว896 2561
245 00 ^aเวชศาสตร์เขตเมืองเพื่อเขตสุขภาพกรุงเทพมหานคร =^bUrban Medicine for BKK Health Area /^cจิระพงษ์ อังคะรา, สาธิต คูระทอง, ชาดากานต์ ผโลประการ, เกรียงศักดิ์ ฟูนิลกุล, ปิยะนันท์ เกื้อสกูล, บรรณาธิการ